|
|
|
|
| LEADER |
00000nam0a2200000 4500 |
| 001 |
368475 |
| 005 |
20231102012103.0 |
| 035 |
|
|
|a (RuTPU)RU\TPU\retro\25857
|
| 090 |
|
|
|a 368475
|
| 100 |
|
|
|a 20220412d1980 km y0rusy50 ca
|
| 101 |
0 |
|
|a rus
|
| 102 |
|
|
|a RU
|
| 105 |
|
|
|a a z 001zy
|
| 200 |
1 |
|
|a Согласование характеристик самолета и двигателя
|f О. К. Югов, О. Д. Селиванов
|
| 205 |
|
|
|a 2-е изд., перераб. и доп.
|
| 210 |
|
|
|a Москва
|c Машиностроение
|d 1980
|
| 215 |
|
|
|a 200 с.
|c ил.
|
| 320 |
|
|
|a Библиогр.: с. 197-199
|
| 606 |
1 |
|
|a Авиамодельные двигатели
|2 stltpush
|3 (RuTPU)RU\TPU\subj\96
|9 29131
|
| 606 |
1 |
|
|a Самолеты
|x Проектирование
|2 stltpush
|3 (RuTPU)RU\TPU\subj\53662
|
| 610 |
1 |
|
|a характеристики
|
| 610 |
1 |
|
|a согласование
|
| 610 |
1 |
|
|a весовые характеристики
|
| 610 |
1 |
|
|a аэродинамические характеристики
|
| 610 |
1 |
|
|a силовые установки
|
| 610 |
1 |
|
|a режимы работы
|
| 610 |
1 |
|
|a размеры
|
| 610 |
1 |
|
|a совместная работа
|
| 675 |
|
|
|a 621.431.75
|v 4
|
| 675 |
|
|
|a 629.73.01
|v 4
|
| 700 |
|
1 |
|a Югов
|b О. К.
|g Олег Кириллович
|
| 701 |
|
1 |
|a Селиванов
|b О. Д.
|g Олег Дмитриевич
|
| 801 |
|
1 |
|a RU
|b 63413507
|c 20220412
|
| 942 |
|
|
|c BK
|